000 00357nam a2200145Ia 4500
008 230917s9999||||xx |||||||||||||| ||und||
040 _e153169
_aMAIN
041 _aEnglish
082 _a294.6 D969S
100 _aDwivedi, Hazari Prasad
245 0 _aSikh guruon ka punya smaran
260 _aNew Delhi
_bRajkamal
_c1979
300 _a115p p.
942 _cBK
999 _c63889
_d63889